书目信息 |
| 题名: |
上海市物业服务标准与收费指南
|
|
| 作者: | ;上海市物业管理协会 , 上海市房地产科学研究院 编 | |
| 分册: | ||
| 出版信息: | 上海 华东理工大学出版社 2005.8 |
|
| 页数: | 478页 | |
| 开本: | 21cm | |
| 丛书名: | ||
| 单 册: | ||
| 中图分类: | F299.275 | |
| 科图分类: | ||
| 主题词: | ||
| 电子资源: | ||
| ISBN: | 7-5628-1618-2 | |
| 000 | 00859nam0 2200193 450 | |
| 001 | 0661530822 | |
| 005 | 20060602154238.34 | |
| 010 | @a7-5628-1618-2@dCNY 38.00 | |
| 099 | @aCAL 012005136691 | |
| 200 | 1 | @a上海市物业服务标准与收费指南@Ashang hai shi wu ye fu wu biao zhun yu shou fei zhi nan@f上海市房地产科学研究院,上海市物业管理协会编 |
| 210 | @a上海@c华东理工大学出版社@d2005.8 | |
| 215 | @a478页@d21cm | |
| 330 | @a本书由第一篇:上海市住宅物业服务分等收费标准;第二篇:物业管理服务分等标准与收费理论研究;第三篇:与物业管理服务及收费相关的法律法规和标准。书后附上海市房地产行业投诉机构一览表等5个附表。 | |
| 690 | @aF299.275@v4 | |
| 711 | 02 | @a上海市物业管理协会@Ashang hai shi wu ye guan li xie hui@4编 |
| 711 | 02 | @a上海市房地产科学研究院@Ashang hai shi fang di chan ke xue yan jiu yuan@4编 |
| 801 | 0 | @c20060602 |
| 905 | @dF299.275@eS240 | |
| 906 | @dCNY 38.00@n3@r1 | |
| 上海市物业服务标准与收费指南/上海市房地产科学研究院,上海市物业管理协会编.-上海:华东理工大学出版社,2005.8 |
| 478页;21cm |
| ISBN 7-5628-1618-2:CNY 38.00 |
| 本书由第一篇:上海市住宅物业服务分等收费标准;第二篇:物业管理服务分等标准与收费理论研究;第三篇:与物业管理服务及收费相关的法律法规和标准。书后附上海市房地产行业投诉机构一览表等5个附表。 |
| ● |
| 相关链接 |
|
|
|
正题名:上海市物业服务标准与收费指南
索取号:F299.275/S240
 
预约/预借
| 序号 | 登录号 | 条形码 | 馆藏地/架位号 | 状态 | 备注 |
| 1 | 607548 | 206075487 | 社科库409/409社科库 32排1列1层/ [索取号:F299.275/S240] | 在馆 |